00540 a2200157 4500010001400000020002300014035001300037037001500050082001000065100002100075245008600096260003800182270008400220300002800304500005000332 aENG-86350 a8131300595c495.00 aEN-69883 bDBAD / PUB14a581.11 akannan, Seshadri1 aAdvances in plant physiology :cby Seshadri Kannanbfrom the green to the grain / aNew DelhibA P H Publishingc2007 a5, Ansari Road, Darya GanjbNew Delhie110 002k011-23274050maphbooks@vsnl.net axv, 189 p.c22cm. (Hb.) aIncludes bibliographical references and index